| 000 -LEADER |
| fixed length control field |
00615nam a22002175i 4500 |
| 003 - CONTROL NUMBER IDENTIFIER |
| control field |
OSt |
| 005 - DATE AND TIME OF LATEST TRANSACTION |
| control field |
20240116105136.0 |
| 008 - FIXED-LENGTH DATA ELEMENTS--GENERAL INFORMATION |
| fixed length control field |
220813s2022 mau 000 0 eng |
| 010 ## - LIBRARY OF CONGRESS CONTROL NUMBER |
| LC control number |
2022944666 |
| 020 ## - INTERNATIONAL STANDARD BOOK NUMBER |
| International Standard Book Number |
9783035620948 |
| Qualifying information |
(hardcover) |
| 020 ## - INTERNATIONAL STANDARD BOOK NUMBER |
| Cancelled/invalid ISBN |
9783035621006 |
| Qualifying information |
(pdf) |
| 040 ## - CATALOGING SOURCE |
| Original cataloging agency |
DLC |
| Language of cataloging |
eng |
| Description conventions |
rda |
| Transcribing agency |
DLC |
| 042 ## - AUTHENTICATION CODE |
| Authentication code |
pcc |
| 100 1# - MAIN ENTRY--PERSONAL NAME |
| Personal name |
Curnier, Sonia, |
| Relator term |
author. |
| 245 10 - TITLE STATEMENT |
| Title |
Universal singular : |
| Remainder of title |
public space design in the early 21st century / |
| Statement of responsibility, etc |
Sonia Curnier. |
| 263 ## - PROJECTED PUBLICATION DATE |
| Projected publication date |
2211 |
| 300 ## - PHYSICAL DESCRIPTION |
| Extent |
pages cm |
| 906 ## - LOCAL DATA ELEMENT F, LDF (RLIN) |
| a |
0 |
| b |
ibc |
| c |
orignew |
| d |
2 |
| e |
epcn |
| f |
20 |
| g |
y-gencatlg |
| 942 ## - ADDED ENTRY ELEMENTS (KOHA) |
| Source of classification or shelving scheme |
|
| 955 ## - COPY-LEVEL INFORMATION (RLIN) |
| Book number/undivided call number, CCAL (RLIN) |
xd06 2022-08-13 |